LEADER 01235nam0-2200385li-450 001 990000177540203316 005 20180312154801.0 035 $a0017754 035 $aUSA010017754 035 $a(ALEPH)000017754USA01 035 $a0017754 100 $a2001990011977-------y0itay0103----ba 101 0 $aeng 102 $aGW 200 1 $aVariational methods in mathematics, science and engineering$fKarel Rektorys 210 $aDordrecht$cReidel Publ. Co.$d1977 215 $a571 p.$d27 cm 300 $atranslated from the czech by michael basch 610 1 $aanalisi funzionale 610 1 $acalcolo delle variazioni 610 1 $ahilbert, spazi di 676 $a5157$9Analisi funzionale 700 1$aRektorys,$bKarel$013940 801 $aSistema bibliotecario di Ateneo dell' Università di Salerno$gRICA 912 $a990000177540203316 951 $a515.7 REK (1)$b3416/CBS$c515.7$d00221934 959 $aBK 969 $aSCI 979 $c19900123 979 $c20001110$lUSA01$h1713 979 $c20020403$lUSA01$h1625 979 $aPATRY$b90$c20040406$lUSA01$h1613 979 $aRSIAV7$b90$c20090528$lUSA01$h1319 996 $aVariational Methods in Mathematics, Science and Engineering$9340747 997 $aUNISA LEADER 02091oam 2200577zu 450 001 9910146051103321 005 20210721053942.0 010 $a1-280-56069-X 010 $a9786610560691 010 $a3-527-60196-1 035 $a(CKB)1000000000019254 035 $a(SSID)ssj0000298278 035 $a(PQKBManifestationID)11223417 035 $a(PQKBTitleCode)TC0000298278 035 $a(PQKBWorkID)10344136 035 $a(PQKB)11466991 035 $a(MiAaPQ)EBC4956842 035 $a(Au-PeEL)EBL4956842 035 $a(CaONFJC)MIL56069 035 $a(OCoLC)824553911 035 $a(EXLCZ)991000000000019254 100 $a20160829d2002 uy 101 0 $aeng 135 $aurcnu|||||||| 181 $ctxt 182 $cc 183 $acr 200 00$aHandbook of thermoplastic polyesters : homopolymers, copolymers, blends, and composites 210 31$a[Place of publication not identified]$cWiley VCH$d2002 215 $a1 online resource (1392 pages) 300 $aBibliographic Level Mode of Issuance: Monograph 311 $a3-527-30113-5 330 $aThis title covers aspects of polyester synthesis, structure, properties (chemical, physical and application relevant) and recycling. It includes the important technical polyesters homogeneous polymers as well as copolymers, and blends and high-performance reinforced polyester materials. 606 $aPolyesters 606 $aThermoplastic composites 606 $aChemical Engineering$2HILCC 606 $aChemical & Materials Engineering$2HILCC 606 $aEngineering & Applied Sciences$2HILCC 608 $aElectronic books. 615 0$aPolyesters 615 0$aThermoplastic composites 615 7$aChemical Engineering 615 7$aChemical & Materials Engineering 615 7$aEngineering & Applied Sciences 676 $a668.4225 702 $aFakirov$b Stoyko 801 0$bPQKB 906 $aBOOK 912 $a9910146051103321 996 $aHandbook of thermoplastic polyesters : homopolymers, copolymers, blends, and composites$91975371 997 $aUNINA